Doom Eternal EVERYTHING Quiz - Statistics

General Stats
  • This quiz has been taken 23 times
  • The average score is 45 of 182
Answer Stats
Hint Answer % Correct
Main Protagonist Doom Slayer
100%
Boss Enemy | Leader of the Maykrs and "Supreme Maykr" of Urdak Khan Maykr
69%
Cybernetic Chairman of the UAC Samuel Hayden
69%
Weapon Super Shotgun
69%
Song The Khan Maykr
69%
Song The Khan Maykr (Chad Mossholder remix)
69%
Supreme ruler of hell and the "First Being" Davoth (The Dark Lord)
63%
Boss Enemy | Demon who is a transformed and corrupted human Icon of Sin
63%
Song The Icon of Sin
63%
Artificial Intelligence and Doom Slayer's ally VEGA
63%
Weapon Ballista
56%
Weapon Chaingun
56%
Weapon Combat Shotgun
56%
Tool Frag Grenade
56%
Tool Ice Bomb
56%
Demon Marauder
56%
Weapon Plasma Rifle
56%
Demon Cacodemon
50%
Tool Chainsaw
50%
Demon DOOM Hunter
50%
Tool Flame Belch
50%
Level | Song Hell on Earth
50%
Demon Imp
50%
Weapon Rocket Launcher
50%
Song The DOOM Hunter
50%
Weapon Unmaykr
50%
Song BFG 10k
44%
Weapon BFG 9000
44%
Boss Enemy Gladiator
44%
Demon Hell Knight
44%
Demon Mancubus
44%
Demon Pinky
44%
Boss Enemy Samur Maykr
44%
Guardian of the Doom Slayer and true identity of a familiar character Samur Maykr (Seraphim)
44%
Demon Soldier
44%
Level Super Gore Nest
44%
Song The Baron of Hell
44%
Boss Enemy | Level The Dark Lord
44%
Song The Super Gore Nest
44%
Demon Tyrant
44%
Demon Zombie
44%
Demon Baron of Hell
38%
Former Night Sentinel commander and traitor Commander Valen (The Betrayer)
38%
Level Doom Hunter Base
38%
Tool Sentinel Hammer
38%
Demon Stone Imp
38%
Demon Arachnotron
31%
Demon Archvile
31%
Demon Cyber Mancubus
31%
Level Exultia
31%
Level Final Sin
31%
Song Final Sin - Sandy City
31%
Demon Gargoyle
31%
Weapon Heavy Cannon
31%
Demon Lost Soul
31%
Demon Maykr Drone
31%
Demon Pain Elemental
31%
Level Sentinel Prime
31%
Level | Song Taras Nabad
31%
Song The Only Thing They Fear Is You
31%
Demon Carcass
25%
Level | Song Cultist Base
25%
Demon Cursed Prowler
25%
Level | Song Immora
25%
Song Immora (Ambient Mix)
25%
Song Immora (Extended Mix)
25%
Song Immora (Heavy Mix)
25%
Song Immora (Super Heavy Mix)
25%
Level Nekravol
25%
Demon Prowler
25%
Level Reclaimed Earth
25%
Song Reclaimed Earth (Ambient Mix)
25%
Song Reclaimed Earth (Extended Mix)
25%
Song Reclaimed Earth (Heavy Mix)
25%
Song Reclaimed Earth (Super Heavy Mix)
25%
Demon Revenant
25%
Demon Screecher Zombie
25%
Demon Spectre
25%
Demon Spirit
25%
Demon Tentacle
25%
Song The Betrayer
25%
Level The Blood Swamps
25%
Demon Turret
25%
Level | Song Urdak
25%
Demon Whiplash
25%
Level ARC Complex
19%
Demon Blood Maykr
19%
Song Blood Swamps
19%
Song Blood Swamps (Ambient Mix)
19%
Song Blood Swamps (Extended Mix)
19%
Song Blood Swamps (Heavy Mix)
19%
Song Blood Swamps (Light Mix)
19%
Demon Cueball
19%
Demon Dread Knight
19%
Song King Novik
19%
Level | Song Mars Core
19%
Song Meathook
19%
Demon Riot Soldier
19%
Tool The Crucible Blade
19%
Boss Enemy | Song The Trial of Maligog
19%
Level The World Spear
19%
Level UAC Atlantica Facility
19%
Song UAC Atlantica Facility (Ambient Mix)
19%
Song UAC Atlantica Facility (Extended Mix)
19%
Song UAC Atlantica Facility (Heavy Mix)
19%
Song UAC Atlantica Facility (Light Mix)
19%
Demon Armoured Baron
13%
Demon Buff Totem
13%
Demon Demonic Trooper
13%
Song DOOM Eternal
13%
Song DOOM Hunted
13%
Song Metal Hell
13%
Level Nekravol Part II
13%
Demon Spectre Whiplash
13%
Level The Holt
13%
Song The Holt (Ambient Mix)
13%
Song The Holt (Extended Mix)
13%
Song The Holt (Heavy Mix)
13%
Song The Holt (Light Mix)
13%
Song BFG Division 2020
6%
Song Doomed Hunter
6%
Song Fortress of Doom - Chad Mossholder
6%
Song Intro
6%
Demon Mecha Zombie
6%
Song Paradise Lost
6%
Song Phobos Base
6%
Demon Soldier (Shield)
6%
Song The World Spear (Ambient Mix)
6%
Song The World Spear (Extended Mix)
6%
Song The World Spear (Heavy Mix)
6%
Song The World Spear (Super Heavy Mix)
6%
Demon Zombie Cultist
6%
Song Acquiring the BFG
0%
Song A Cultist Prayer
0%
Song Armored Response Coalition
0%
Song A Slayer City
0%
Song Asteroids and Rockets
0%
Song Barging in
0%
Song Beast of the Arena
0%
Song Bio-organic Continuum Gate
0%
Song Blood Harvesting
0%
Song Blood Sacrifice
0%
Song Command and Hunter
0%
Song Consumption
0%
Song Davoth Dark Lord Theme (Extended Mix)
0%
Song Deag Nilox - First Priest Death
0%
Song Deag Ranak
0%
Song Demonic Corruption
0%
Song Dragon Ride
0%
Song End of Level
0%
Song Eternal Prophecy
0%
Song Final Boss Theme
0%
Song Gladiator Boss
0%
Song Heart of the Beast
0%
Song Infiltrate the Cult
0%
Song Kalibas the Sightless Judge
0%
Song Main Menu Theme
0%
Song Massive Demonic Presence
0%
Song Maykr Drones
0%
Song Phobos Space
0%
Song Prayer of the Diminished
0%
Song Revenant Possession
0%
Song Sam's Base
0%
Song Sinister
0%
Song S.O.S. from Earth
0%
Song Soul Extraction
0%
Song Super Shotgun Reunion
0%
Song Teaser Trailer (Credits) Theme
0%
Song Usurper Gore
0%
Song Welcome Home Great Slayer
0%
Song You Can't Just Shoot a Hole into the Surface of Mars
0%
No matching quizzes found
Score Distribution
Percent of People with Each Score
Percentile by Number Answered
Your Score History
You have not taken this quiz